Statistics for Two Letter Answers #4

Click here to take the quiz!

General Stats

  • This quiz has been taken 26,398 times
  • The average score is 13 of 24

Answer Stats

Clue Answer % Correct
England, Scotland, Wales, and Northern IrelandUK
93%
Chemical symbol for goldAu
90%
There are 2.54 of these in an inchcm
86%
Turntable userDJ
84%
Gulf of Mexico oil-spillersBP
70%
Yes, in GermanyJa
65%
Initials that mean "for example"e.g.
62%
Das autoVW
60%
Six points in American footballTD
60%
Surgeon's room at the hospitalOR
59%
Rapper Cool JLL
58%
Simpson or fruit beverageOJ
56%
Security wing of the Nazi partySS
56%
Another term for a resumeCV
55%
Poet EliotT.S.
55%
Author SalingerJ.D.
51%
Vancouver is its largest cityBC
49%
South Vietnamese communist guerrillasVC
42%
Aussie Aussie Aussie, this this thisOi
41%
Britain's favorite brown sauceHP
37%
Paul Simon says you can call him thisAl
37%
Michigan north of the Mackinac BridgeUP
23%
City known for blues and barbecueKC
16%
Daughter of Henry VIIIQE
16%

Score Distribution

Percentile by Number Answered

Percent of People with Each Score

Your Score History

You have not taken this quiz